000 00584nam a2200229Ia 4500
003 OSt
005 20220918200713.0
006 a|||||r|||| 00| 0
007 ta
008 220917b |||||||| |||| 00| 0 eng d
024 _a89,912
037 _cTextual
040 _aARTS
_cARTS
_beng
041 _2eng
_aeng
082 _aU8:42wJ64, J6
100 _aRogers P G
_995208
245 0 _aFirst Englishman in Japan
_b the story of Will Adams
260 _c1956
650 _aGEOGRAPHY
942 _hU8:42wJ64, J6
_cTEXL
_2CC
999 _c213581
_d213581